<?xml version="1.0" encoding="UTF-8"?>
<collection xmlns="http://www.loc.gov/MARC21/slim">
<record>
  <controlfield tag="001">171135</controlfield>
  <controlfield tag="005">20260515163944.0</controlfield>
  <datafield tag="024" ind1="7" ind2=" ">
    <subfield code="2">doi</subfield>
    <subfield code="a">10.3305/nh.2013.28.4.6509</subfield>
  </datafield>
  <datafield tag="024" ind1="8" ind2=" ">
    <subfield code="2">sideral</subfield>
    <subfield code="a">82760</subfield>
  </datafield>
  <datafield tag="037" ind1=" " ind2=" ">
    <subfield code="a">ART-2013-82760</subfield>
  </datafield>
  <datafield tag="041" ind1=" " ind2=" ">
    <subfield code="a">eng</subfield>
  </datafield>
  <datafield tag="100" ind1=" " ind2=" ">
    <subfield code="a">Matute-Llorente, A.</subfield>
    <subfield code="0">(orcid)0000-0001-8500-1667</subfield>
  </datafield>
  <datafield tag="245" ind1=" " ind2=" ">
    <subfield code="a">Physical activity and cardiorespiratory fitness in adolescents with Down syndrome</subfield>
  </datafield>
  <datafield tag="260" ind1=" " ind2=" ">
    <subfield code="c">2013</subfield>
  </datafield>
  <datafield tag="520" ind1="3" ind2=" ">
    <subfield code="a">Aims: To determine if adolescents with and without Down syndrome (DS) accomplish the physical activity (PA) guidelines and to evaluate relationships between PA and cardiorespiratory variables.

Methods: 42 adolescents (27 with DS) participated in this study. PA was measured using accelerometers. Walking-graded treadmill protocol with a breath-by-breath gas analyzer was employed to assess cardiorespiratory fitness.

Results: Adolescents with DS spent less time in sedentary PA, moderate PA (MPA), vigorous PA (VPA) and moderate to vigorous PA (MVPA) than those without DS. VO2peak was correlated with total minutes spent in light PA, MPA, VPA and MVPA in the control group (from r = 0.55 to r = 0.61, p &lt; 0.05) and with MPA and MVPA in the DS group (from r = 0.38 to r = 0.41, p &lt; 0.05).

Conclusion: Nor DS neither control groups achieved at least 60 minutes of MPA daily. Engaging more time in MPA was associated with greater cardiorespiratory fitness in adolescents with DS.</subfield>
  </datafield>
  <datafield tag="506" ind1="0" ind2=" ">
    <subfield code="a">Access copy available to the general public</subfield>
    <subfield code="f">Unrestricted</subfield>
  </datafield>
  <datafield tag="540" ind1=" " ind2=" ">
    <subfield code="9">info:eu-repo/semantics/openAccess</subfield>
    <subfield code="a">by-nc-sa</subfield>
    <subfield code="u">https://creativecommons.org/licenses/by-nc-sa/4.0/deed.es</subfield>
  </datafield>
  <datafield tag="590" ind1=" " ind2=" ">
    <subfield code="a">1.25</subfield>
    <subfield code="b">2013</subfield>
  </datafield>
  <datafield tag="591" ind1=" " ind2=" ">
    <subfield code="a">NUTRITION &amp; DIETETICS</subfield>
    <subfield code="b">62 / 78 = 0.795</subfield>
    <subfield code="c">2013</subfield>
    <subfield code="d">Q4</subfield>
    <subfield code="e">T3</subfield>
  </datafield>
  <datafield tag="655" ind1=" " ind2="4">
    <subfield code="a">info:eu-repo/semantics/article</subfield>
    <subfield code="v">info:eu-repo/semantics/publishedVersion</subfield>
  </datafield>
  <datafield tag="700" ind1=" " ind2=" ">
    <subfield code="a">González-Agüero, A.</subfield>
    <subfield code="0">(orcid)0000-0002-1132-5906</subfield>
  </datafield>
  <datafield tag="700" ind1=" " ind2=" ">
    <subfield code="a">Gómez-Cabello, A.</subfield>
    <subfield code="u">Universidad de Zaragoza</subfield>
    <subfield code="0">(orcid)0000-0001-6492-2512</subfield>
  </datafield>
  <datafield tag="700" ind1=" " ind2=" ">
    <subfield code="a">Vicente-Rodríguez, G.</subfield>
    <subfield code="u">Universidad de Zaragoza</subfield>
    <subfield code="0">(orcid)0000-0002-4303-4097</subfield>
  </datafield>
  <datafield tag="700" ind1=" " ind2=" ">
    <subfield code="a">Casajús Mallén, J. A.</subfield>
    <subfield code="u">Universidad de Zaragoza</subfield>
    <subfield code="0">(orcid)0000-0002-7215-6931</subfield>
  </datafield>
  <datafield tag="710" ind1="2" ind2=" ">
    <subfield code="1">1006</subfield>
    <subfield code="2">245</subfield>
    <subfield code="a">Universidad de Zaragoza</subfield>
    <subfield code="b">Dpto. Fisiatría y Enfermería</subfield>
    <subfield code="c">Área Educación Física y Depor.</subfield>
  </datafield>
  <datafield tag="773" ind1=" " ind2=" ">
    <subfield code="g">28, 3 (2013), 1151-1155</subfield>
    <subfield code="p">Nutr. hosp.</subfield>
    <subfield code="t">Nutricion Hospitalaria</subfield>
    <subfield code="x">0212-1611</subfield>
  </datafield>
  <datafield tag="856" ind1="4" ind2=" ">
    <subfield code="s">97703</subfield>
    <subfield code="u">http://zaguan.unizar.es/record/171135/files/texto_completo.pdf</subfield>
    <subfield code="y">Versión publicada</subfield>
  </datafield>
  <datafield tag="856" ind1="4" ind2=" ">
    <subfield code="s">2529509</subfield>
    <subfield code="u">http://zaguan.unizar.es/record/171135/files/texto_completo.jpg?subformat=icon</subfield>
    <subfield code="x">icon</subfield>
    <subfield code="y">Versión publicada</subfield>
  </datafield>
  <datafield tag="909" ind1="C" ind2="O">
    <subfield code="o">oai:zaguan.unizar.es:171135</subfield>
    <subfield code="p">articulos</subfield>
    <subfield code="p">driver</subfield>
  </datafield>
  <datafield tag="951" ind1=" " ind2=" ">
    <subfield code="a">2026-05-15-14:53:29</subfield>
  </datafield>
  <datafield tag="980" ind1=" " ind2=" ">
    <subfield code="a">ARTICLE</subfield>
  </datafield>
</record>
</collection>